000 00709nas a2200241 4500
001 BR7904924
003 BR-BrBNA
005 20231205083853.0
007 ta
008 230509b bl.|||p| |||| 00| 00por d
040 _aBR-BrBNA
_bpor
_cBiblioteca Nacional de Agricultura
041 _a(Pt)
072 _aL10
100 1 _aAnon.
245 1 _aA pecuaria francesa a servico do pecuarista brasileiro
650 _aMelhoramento genetico animal
650 _aPecuaria
650 _aInseminacao artificial
650 _aFranca
773 0 _tRevista dos Criadores (Brazil)
_xISSN 0034-9259
_g(Dec 1979), v. 49(599) p. 33-39
_wBR7904924
909 _a202311
_bLúcia
_c55
_dLúcia Elande
942 _2AGRIS
_n0
_cANA
999 _c101716
_d101716